LEADER 00954nam a2200253 u 4500 001 000000004984 003 CaOOAMICUS 005 20070226104718.0 008 940926s1952 it f u000 u ita u 035 $a10132178 040 $aMSA$bita 100 1 $aPettazzoni, Raffaele,$d1883-1959.$0(OLS)http://pul/name/4552 245 10$aItalia religiosa /$cRaffaele Pettazzoni. 260 $aBari :$bG. Laterza,$c1952. 300 $a154 p. ;$c21 cm 490 1 $aLibri del tempo (Laterza) ;$v8 651 4$aItalia$xReligione.$0(OLS)http://pul/subject/4354 830 0$aLibri del tempo (Laterza) ;$v8.$0(OLS)http://pul/title/7260 850 $aPUL 852 $aPUL$W1$xSL Filosofia 1$y2$m115 F 50$j6936$nBK-PRI$b $qStampati$B6936$CPULBib$Z2$F6936 $H $81 941 1 $a8 961 $aINV: 57053 996 $6245$aItalia religiosa$9(OLS)http://pul/title/7259 996 $6260$aBari :$bG. Laterza$9(OLS)http://pul/publisher/48242 LEADER 01338nam a2200277 a 4500 001 000000139320 003 CaOOAMICUS 005 20140721125752.0 008 140721s2013 it f m 000 0 ita d 040 $aPUL$bita 100 1 $aDe Virgilio, Giuseppe.$0(OLS)http://pul/name/35370 245 10$aBibbia e teologia morale:.$bparadigmi ermeneutici per la formazione dell'identità morale biblica /$cGiuseppe De Virgilio. 260 $aRomae :$b[s.n.],$c2013. 300 $a432 p.$c24 cm 502 $aTesi di Dottorato in S.Teologia--Accademia Alfonsiana - Romae, 2013. 504 $aBibliografia: p. 353-401. 710 2 $aAccademia Alfonsiana. Istituto superiore di Teologia morale.$kTesi.$0(OLS)http://pul/name/81838 850 $aPUL 852 $aPUL$W1$xDP1 Tesi Acc. Alfonsiana$y28$m2013 B 17$j157310$qTesi$B160360$CPULBib$Z2$F160360 $82 910 $aPontificia Università Lateranense. $bAccademia Alfonsiana$981838 910 $aIstituto superiore di Teologia morale. Accademia Alfonsiana$981838 910 $aAcademia Alfonsiana. Institutum superius theologiae moralis$981838 941 1 $a16 996 $6245$aBibbia e teologia morale:.$bparadigmi ermeneutici per la formazione dell'identità morale biblica$9(OLS)http://pul/title/176370 996 $6260$aRomae :$b[s.n.]$9(OLS)http://pul/publisher/48223